LEADER 00850nam a2200229 i 4500 001 991002133869707536 008 130731s2012 it b 001 0 ita d 020 $a9788824321518 035 $ab14126576-39ule_inst 040 $aDip.to Studi Giuridici$bita 082 04$a346.45045 100 1 $aBova, Antonio$0478803 245 10$aAspettative reali e diritti edificatori /$cAntonio Bova 260 $aNapoli :$bJovene,$c2012 300 $a186 p. ;$c24 cm 650 4$aDiritto di edificare$xLegislazione 907 $a.b14126576$b28-02-14$c31-07-13 912 $a991002133869707536 945 $aLE027 346.04 BOV01.01$g1$i2027000322930$lle027$nProf. Polidori$op$pE22.00$q-$rl$s- $t0$u1$v6$w1$x0$y.i15527906$z01-08-13 996 $aAspettative reali e diritti edificatori$9263113 997 $aUNISALENTO 998 $ale027$b31-07-13$cc$da $e-$fita$git $h0$i0 LEADER 01309nam 2200421 450 001 9910164233003321 005 20230809222700.0 010 $a1-4988-1360-7 035 $a(CKB)3710000001057350 035 $a(MiAaPQ)EBC4802610 035 $a(EXLCZ)993710000001057350 100 $a20170302h20172017 uy 0 101 0 $aeng 135 $aurcnu|||||||| 181 $2rdacontent 182 $2rdamedia 183 $2rdacarrier 200 10$aInfectious diseases of Gibraltar /$fStephen Berger 205 $a2017 edition. 210 1$aLos Angeles, California :$cGIDEON Informatics Inc.,$d2017. 210 4$dİ2017 215 $a1 online resource (214 pages) $ccolor illustrations, tables 225 1 $aGideon E-Book Series 320 $aIncludes bibliographical references at the end of each chapters. 410 0$aGideon e-book series. 606 $aCommunicable diseases$xStatistics$vHandbooks, manuals, etc 606 $aCommunicable diseases 615 0$aCommunicable diseases$xStatistics 615 0$aCommunicable diseases. 676 $a614.0727 700 $aBerger$b Stephen$01210032 801 0$bMiAaPQ 801 1$bMiAaPQ 801 2$bMiAaPQ 906 $aBOOK 912 $a9910164233003321 996 $aInfectious diseases of Gibraltar$93415281 997 $aUNINA